| 000 | 00446cam a2200193 4500 | ||
|---|---|---|---|
| 001 | D13796 | ||
| 008 | 090401t1925 xxu||||| |||| 00| 0 eng d | ||
| 035 | _a(Sirsi) u11708 | ||
| 041 | _aeng | ||
| 100 | _aRyde, Walter C | ||
| 245 | _aRyde on the law and practice of rating | ||
| 250 | _a5th | ||
| 260 |
_aLondon _bButterworths _c1925 |
||
| 350 | _a0 | ||
| 520 | _aShelf 134 | ||
| 700 | _aKonstam, E.M. | ||
| 942 | _n0 | ||
| 948 | _c04/03/1997 | ||
| 999 |
_c86896 _d86896 |
||